| 000 | 01518naa a22004457a 4500 | ||
|---|---|---|---|
| 001 | BR7602396 | ||
| 003 | BR-BrBNA | ||
| 005 | 20240918173821.0 | ||
| 007 | ta | ||
| 008 | 230509b bl.||||| |||| 00| 0 por d | ||
| 040 |
_aBR-BrBNA _bpor _cBiblioteca Nacional de Agricultura |
||
| 041 | _a(Pt) | ||
| 072 |
_aF60; F27 _b0150 _bG514 |
||
| 090 | _aF60 BR7602396 | ||
| 100 | 1 | _aBrunici, O. | |
| 100 | 1 | _aAlfonsi, R.M. | |
| 100 | 1 | _aSantos, J.M. | |
| 100 | 1 | _aOrtolani, A.A. | |
| 100 | 1 | _aPedro Junior, M.J. | |
| 100 | 1 | _aAngeloci, L.R. | |
| 111 | 1 |
_a3. Seminario Nacional de Irrigacao e Drenagem _cFortaleza, CE (Brazil) _d16 Nov 1975 |
|
| 245 | 1 | _aNecessidades em agua por cultura de arroz em condicoes de sequeiro [Oryza sativa; Bioquimica vegetal; Cultivo do solo; Campinas; Sao Paulo; Brasil] | |
| 260 | 3 |
_aFortaleza, CE (Brasil): _c1976. |
|
| 500 | _aAnais do 3. Seminario Nacional de Irrigacao e Drenagem Fortaleza, CE (Brasil): 1976. p. 139-144 (BR7602396-AM)F60 | ||
| 650 | _aBioquimica vegetal | ||
| 650 | _aCultivo do solo | ||
| 650 | _aArroz | ||
| 650 | _aAbsorcao | ||
| 650 | _aAgua | ||
| 650 | _aBalanco hidrico | ||
| 650 | _aEvapotranspiracao | ||
| 650 | _aTranspiracao vegetal | ||
| 650 | _aCultura irrigada | ||
| 650 | _aSolo | ||
| 650 | _aCampinas | ||
| 650 | _aSao Paulo | ||
| 773 | 0 |
_tAnais do 3. Seminario Nacional de Irrigacao e Drenagem _b _wF60 BR7602396 _gFortaleza, CE (Brasil), 1976. p. 139-144 |
|
| 909 |
_a202404 _bLucia _c55 _dLucia Elande |
||
| 942 |
_cAM _2AGRIS |
||
| 999 |
_c307099 _d307099 |
||